000 01458nam a2200361Ia 4500
001 ebr10188381
003 CaPaEBR
006 m u
007 cr cn|||||||||
008 030603s2003 flug s 000 0 eng d
020 _z9781930841697
020 _z0585447721 (electronic bk.)
040 _aCaPaEBR
_cCaPaEBR
035 _a(OCoLC)52361106
041 1 _aeng
_hita
050 1 4 _aML410.P965
_bV42 2003eb
100 1 _aPuccini, Giacomo,
_d1858-1924.
240 1 0 _aVilli.
_sLibretto.
_lEnglish & Italian
245 1 0 _aPuccini's Le Villi
_h[electronic resource] /
_ctranslated from Italian and including music highlight transcriptions ; edited by Burton D. Fisher.
260 _aCoral Gables, FL :
_bOpera Journeys Pub.,
_cc2003.
300 _a16 p. :
_bmusic.
490 1 _aOpera Journeys libretto series
500 _aLibretto by Ferdinando Fontana.
533 _aElectronic reproduction.
_bPalo Alto, Calif. :
_cebrary,
_d2009.
_nAvailable via World Wide Web.
_nAccess may be limited to ebrary affiliated libraries.
600 1 0 _aPuccini, Giacomo,
_d1858-1924.
_tVilli.
650 0 _aOperas
_vLibrettos.
655 7 _aElectronic books.
_2local
700 1 _aFisher, Burton D.
700 1 _aFontana, Ferdinando,
_d1850-1919.
710 2 _aebrary, Inc.
830 0 _aOpera Journeys libretto series.
856 4 0 _uhttp://site.ebrary.com/lib/rucke/Doc?id=10188381
_zAn electronic book accessible through the World Wide Web; click to view
999 _c149001
_d149001